Sports Quiz

Random Sports or Football Quiz

Worst NBA, NHL and NFL Teams Quiz Stats

 Plays Quiz not verified by Sporcle

Score 0/30 Timer 05:00
0 Plays Today
Season Team % Correct
2008-2009Detroit Lions
80.5%
2003-2004San Diego Chargers, New York Giants, Arizona Cardinals and Oakland Raiders
77%
2006-2007Oakland Raiders
70.7%
2009-2010New Jersey Nets
65.5%
2009-2010St. Louis Rams
65.5%
2001-2002Chicago Bulls and Golden State Warriors
64.8%
2002-2003Cleveland Cavaliers and Denver Nuggets
61%
2000-2001Chicago Bulls
60.6%
2001-2002Carolina Panthers
60.3%
2000-2001San Diego Chargers
58.5%
2008-2009Sacramento Kings
57.1%
2000-2001New York Islanders
56.4%
2009-2010Edmonton Oilers
55.4%
2007-2008Miami Dolphins
53%
2005-2006Houston Texans
52.6%
Season Team % Correct
2007-2008Miami Heat
51.9%
2006-2007Memphis Grizzlies
50.5%
2004-2005San Francisco 49ers
50.5%
2002-2003Cincinnati Bengals
48.4%
2007-2008Tampa Bay Lightning
47%
2008-2009Tampa Bay Lightning
47%
2003-2004Orlando Magic
42.9%
2001-2002Atalanta Thrashers
42.2%
2005-2006Portland Trail Blazers
41.1%
2006-2007Philadelphia Flyers
38.7%
2004-2005Atlanta Hawks
38.3%
2003-2004Chicago Blackhawks
37.6%
2002-2003Carolina Hurricanes
37.3%
2005-2006St. Louis Blues
37.3%
2010-2011Carolina Panthers
34.8%

You're not logged in!

Compare scores with friends on all Sporcle quizzes.
OR
Log In

Sporcle TV

Today on Sporcle TV


Watch our educational content, quiz creation guides, and fun videos on Sporcle TV.

Show Comments

Extras

Top Quizzes Today


Score Distribution

Your Account Isn't Verified!

In order to create a playlist on Sporcle, you need to verify the email address you used during registration. Go to your Sporcle Settings to finish the process.

Report this User

Report this user for behavior that violates our Community Guidelines.

Details: